000 00595cam a22001817a 4500
008 180718b2000 xxu||||| |||| 00| 0 eng d
020 _a8170491142
082 _aN121x54 Si64
100 _aSingh, R.P.
245 _aSacked or sunk?: Admiral Vishnu Bhagwat, exposing President's pleasure
_cby R.P. Singh and Ranjit B. Rai
260 _aDelhi
_bManas
_c2000
300 _a260p.
650 _aBhagwat, Vishnu
650 _aArmed forces - Political activity
650 _aIndia - Armed forces - Recruiting, enlistment, etc.
650 _aMilitary discipline - India
700 _aRai, Ranjit B.
999 _c391223
_d391223